UNIX System V/386, release 4. : (Record no. 828)
[ view plain ]
| 000 -LEADER | |
|---|---|
| fixed length control field | 00959nam a22002537a 4500 |
| 001 - CONTROL NUMBER | |
| control field | 828 |
| 003 - CONTROL NUMBER IDENTIFIER | |
| rucl marc code | BD-RjUL |
| 005 - DATE AND TIME OF LATEST TRANSACTION | |
| control field | 20211208233233.0 |
| 008 - FIXED-LENGTH DATA ELEMENTS--GENERAL INFORMATION | |
| fixed length control field | 131123t19921990ii |||| |||| 001 0 eng d |
| 020 ## - INTERNATIONAL STANDARD BOOK NUMBER | |
| International Standard Book Number | 0876927266 |
| 035 ## - SYSTEM CONTROL NUMBER | |
| System control number | (BD-RjUL)848 |
| 040 ## - CATALOGING SOURCE | |
| Original cataloging agency | BD-RjUL |
| Language of cataloging | eng |
| Transcribing agency | BD-RjUL |
| 041 ## - LANGUAGE CODE | |
| Language code of text/sound track or separate title | eng |
| 082 ## - DEWEY DECIMAL CLASSIFICATION NUMBER | |
| Edition number | 20 |
| Classification number | 005.43 |
| Author mark and year | UNI 1992 |
| 110 2# - MAIN ENTRY--CORPORATE NAME | |
| Corporate name or jurisdiction name as entry element | UNIX System Laboratories. |
| 9 (RLIN) | 1154 |
| 245 0# - TITLE STATEMENT | |
| Title | UNIX System V/386, release 4. : |
| Remainder of title | product overview and master index / |
| Statement of responsibility, etc. | by UNIX System Laboratories. |
| 260 ## - PUBLICATION, DISTRIBUTION, ETC. (IMPRINT) | |
| Place of publication, distribution, etc. | New Delhi : |
| Name of publisher, distributor, etc. | Prentice-Hall of India Private Ltd. ; |
| Date of publication, distribution, etc. | 1992. |
| 300 ## - PHYSICAL DESCRIPTION | |
| Pagination | 1 v. (various pagings) ; |
| Size | 24 cm. |
| 490 ## - SERIES STATEMENT | |
| Series statement | AT&T UNIX system V, release 4. |
| 500 ## - GENERAL NOTE | |
| General note | "Indian reprint"--T.p. verso. "Complete and unabridged photo-offset reproduction of the latest American edition"--T.p. verso. At head of title: AT&T. "UNIX Press"--P. [4] of cover. |
| 504 ## - BIBLIOGRAPHY, ETC. NOTE | |
| Bibliography, etc | Includes index. |
| 650 #0 - SUBJECT ADDED ENTRY--TOPICAL TERM | |
| Topical term or geographic name as entry element | UNIX System V |
| Form subdivision | Computer file |
| 9 (RLIN) | 2468 |
| 942 ## - ADDED ENTRY ELEMENTS (KOHA) | |
| Source of classification or shelving scheme | Dewey Decimal Classification |
| Koha item type | Books |
| Lost status | Source of classification or shelving scheme | Damaged status | Not for loan | Collection code | Permanent Location | Current Location | Shelving location | Date acquired | Source of acquisition | Cost, normal purchase price | Total Checkouts | Full call number | Date last seen | Copy number | Koha item type |
|---|---|---|---|---|---|---|---|---|---|---|---|---|---|---|---|
| Dewey Decimal Classification | Non-fiction | Central Library, University of Rajshahi | Central Library, University of Rajshahi | 23/03/1998 | Ahsania Misson Book Distribution House. | 123.50 | 005.43 UNI 1992 | 23/11/2013 | C-2 | Books | |||||
| Dewey Decimal Classification | Non-fiction | Central Library, University of Rajshahi | Central Library, University of Rajshahi | 23/03/1998 | Ahsania Misson Book Distribution House. | 123.50 | 005.43 UNI 1992 | 23/11/2013 | C-3 | Books |